Stirpe Di Uomini

Uloženo v:
Podrobná bibliografie
Hlavní autor: Willbur Smith
Médium: Kniha
Jazyk:neznámý jazyk
Vydáno: Tea Due
Tagy: Přidat tag
Žádné tagy, Buďte první, kdo vytvoří štítek k tomuto záznamu!

MARC

LEADER 00000nam a2200000Ia 4500
001 R-623
003 CODICE-MESSINA
005 20260212102454.0
008 260211s9999 xx 000 0 und d
040 |c importazione_messina 
100 |a Willbur Smith 
245 0 |a Stirpe Di Uomini 
260 |b Tea Due 
942 |2 ddc  |c BK 
952 |0 0  |1 0  |2 ddc  |4 0  |6 SCAFFALE_6_000000000000000__ROMANZI  |7 0  |9 31445  |a ME  |b ME  |d 2026-02-11  |l 0  |o SCAFFALE 6 - ROMANZI  |p R-623  |r 2026-02-11 23:52:33  |w 2026-02-11  |x [REVISIONARE]  |y BK 
999 |c 27110  |d 27110